Más instrumentos y metas más amplias: desde Washington hasta Santiago /
Tallennettuna:
| Päätekijä: | |
|---|---|
| Aineistotyyppi: | Teksti |
| Tagit: |
Lisää tagi
Ei tageja, Lisää ensimmäinen tagi!
|
MARC
| LEADER | 00000 a a2200000 04500 | ||
|---|---|---|---|
| 001 | 14316 | ||
| 003 | |||
| 040 | |||
| 100 | |a Stiglitz, Joseph | ||
| 245 | |a Más instrumentos y metas más amplias: desde Washington hasta Santiago / |c Joseph Stiglitz | ||
| 773 | |g volumen 6, número 57 -58; páginas 67-100 | ||
| 999 | |c 28701 |d 28701 | ||
